RICS response to consultation on proposed revised CPD Framework (Record no. 122155)
[ view plain ]
| 000 -LEADER | |
|---|---|
| fixed length control field | 02294nam a22002057a 4500 |
| 008 - FIXED-LENGTH DATA ELEMENTS--GENERAL INFORMATION | |
| fixed length control field | 250512t2025 xxk|||||o|||| 00| 0 eng d |
| 041 ## - LANGUAGE CODE | |
| Language code of text/sound track or separate title | eng |
| 110 ## - MAIN ENTRY--CORPORATE NAME | |
| Corporate author | Royal Institution of Chartered Surveyors |
| 245 ## - TITLE STATEMENT | |
| Title | RICS response to consultation on proposed revised CPD Framework |
| Medium | [Electronic resource] |
| 260 ## - PUBLICATION INFORMATION | |
| Place of publication | London, |
| Publisher | Royal Institution of Chartered Surveyors, |
| Date | April 2025 |
| 300 ## - PHYSICAL DESCRIPTION | |
| Physical description | 25p. |
| 520 ## - ABSTRACT | |
| Abstract | The Standards and Regulation Board (SRB) has approved important changes to strengthen RICS’ Continuing Professional Development (CPD) framework, following a comprehensive review led by the CPD framework steering group. These updates aim to better support members’ lifelong learning, maintain professional standards and uphold public interest.<br/><br/>Following a 12-week consultation period starting in April 2024, SRB has recently approved recommendations to strengthen the RICS CPD framework and its approach, as proposed by the CPD Framework Steering group.<br/><br/>Key updates include:<br/><br/>encouraging members to identify, plan, undertake, and reflect on CPD that is relevant, adequate and appropriate to their practice;<br/>giving members more flexibility in meeting yearly CPD requirements. For example, if members complete a long training programme like a Master’s degree, members can carry forward up to 15 CPD hours to the following year;<br/>mandatory topics to be covered every 3 years (including ethics, sustainability, AI and data & technology);<br/>an improved member experience by enabling easier planning and recording of CPD activities – including a new member app and improved CPD content;<br/>annually, members will declare that their CPD is relevant, adequate and appropriate , and fulfils RICS' CPD obligations.<br/>There have also been changes to exemptions, breaches and disciplinary action – you can find the details here.<br/><br/>The updated CPD framework is expected to take effect no sooner than January 2026.<br/><br/> |
| 650 ## - KEYWORDS | |
| Keywords | CONTINUING PROFESSIONAL DEVELOPMENT |
| 650 ## - KEYWORDS | |
| Keywords | SURVEYING PROFESSION |
| 651 ## - SUBJECT ADDED ENTRY--GEOGRAPHIC NAME | |
| Geographic name | International |
| 690 ## - BROAD SUBJECT | |
| Broad subject | RICS |
| 9 (RLIN) | 6277 |
| 710 ## - ADDED CORPORATE NAME | |
| Added corporate author | Royal Institution of Chartered Surveyors |
| 856 ## - ONLINE RESOURCE | |
| Uniform Resource Identifier | <a href="https://www.rics.org/news-insights/whats-new-in-rics-cpd-framework-rics-announces-cpd-framework-updates">https://www.rics.org/news-insights/whats-new-in-rics-cpd-framework-rics-announces-cpd-framework-updates</a> |
| Public note | RICS CPD framework update |
| 942 ## - ADDED ENTRY ELEMENTS (KOHA) | |
| Suppress in OPAC | Do not suppress in OPAC |
| Lost status | Damaged status | Not for loan | Current library | Shelving location | Date acquired | Total Checkouts | Full call number | Date last seen | Price effective from | Koha item type |
|---|---|---|---|---|---|---|---|---|---|---|
| Virtual | Online | 12/05/2025 | ONLINE PUBLICATION | 12/05/2025 | 12/05/2025 | Online material |